[Event "14th Euro Indiv 2013"]
[Site "Legnica POL"]
[Date "2013.05.10"]
[Round "6.52"]
[White "Roiz,M"]
[Black "Bluebaum,M"]
[Result "0-1"]
[WhiteElo "2617"]
[BlackElo "2511"]

1.c4 c6 2.Nf3 d5 3.e3 Bf5 4.Qb3 Qc7 5.Nh4 Bg6 6.Nxg6 hxg6 7.g3 Nf6 8.Bg2 e6
9.Qc2 Nbd7 10.b3 Bd6 11.Bb2 O-O 12.O-O Rac8 13.a3 a5 14.d3 Qb8 15.Nd2 b5
16.Rfc1 Rfd8 17.Bc3 b4 18.axb4 axb4 19.Bb2 Qb7 20.d4 Be7 21.Rd1 c5 22.Qd3 Nb6
23.Qe2 Qb8 24.Rdc1 dxc4 25.bxc4 Nfd7 26.Nb3 e5 27.d5 Qd6 28.Na5 Re8 29.Nc6 Bf6
30.Na7 Ra8 31.Nb5 Qb8 32.Rxa8 Nxa8 33.Bh3 Rd8 34.Ra1 e4 35.Bxd7 Bxb2 36.Qxb2 Rxd7
37.Qc2 Qe8 38.d6 Nb6 39.Ra6 Nc8 40.Rc6 Rd8 41.Rxc5 Nxd6 42.Qb3 Nf5 43.Rc7 Qe6
44.Qa4 Rd2 45.Qa8+ Kh7 46.Qc8 Qf6 47.Nd4 Rd1+  0-1

[Event "5th Alexander The Great Open 2013"]
[Site "Porto Carras GRE"]
[Date "2013.05.10"]
[Round "5.3"]
[White "Sapar,E"]
[Black "Miljkovic,Mir1"]
[Result "1/2-1/2"]
[WhiteElo "2339"]
[BlackElo "2471"]

1.c4 c6 2.d4 d5 3.Nf3 Nf6 4.Qc2 dxc4 5.Qxc4 Bf5 6.g3 Nbd7 7.Bg2 e6 8.O-O Be7
9.Rd1 O-O 10.e3 Rc8 11.Qe2 Qc7 12.Nc3 Ne4 13.Nxe4 Bxe4 14.Bd2 b6 15.Rac1 Qb7
16.Ne1 Bxg2 17.Nxg2 c5 18.Bc3 cxd4 19.Bxd4 Bf6 20.Rxc8 Rxc8 21.Bxf6 Nxf6
22.f3 Qc7 23.e4 Rd8 24.Ne3 Rxd1+ 25.Qxd1 h5 26.Kg2 h4 27.Qd4 hxg3  1/2-1/2

[Event "31st Liechtenstein Open 2013"]
[Site "Triesen LIE"]
[Date "2013.05.10"]
[Round "8.11"]
[White "Poettinger,H"]
[Black "Kuhn,Th"]
[Result "1-0"]
[WhiteElo "2270"]
[BlackElo "2158"]

1.c4 c6 2.g3 d5 3.Nf3 Bg4 4.Bg2 e6 5.O-O Bd6 6.d3 Ne7 7.e4 O-O 8.Nc3 Bc7
9.b3 a5 10.Ba3 Re8 11.Re1 Bd6 12.Bxd6 Qxd6 13.Qc2 Na6 14.a3 Red8 15.exd5 cxd5
16.cxd5 Rac8 17.Ne5 Nxd5 18.Bxd5 exd5 19.Nxg4 d4 20.Ne4 Qf8 21.Qd1 f5 22.Ng5  1-0

[Event "ch-KGZ Men 2013"]
[Site "Bishkek KGZ"]
[Date "2013.05.11"]
[Round "3"]
[White "Markov,M KGZ"]
[Black "Kachiev,E"]
[Result "1-0"]
[WhiteElo "2276"]
[BlackElo "2050"]

1.c4 c6 2.Nf3 Nf6 3.b3 d5 4.g3 Bf5 5.Bg2 e6 6.O-O Bd6 7.d3 h6 8.Bb2 Nbd7
9.e4 Bg4 10.cxd5 cxd5 11.exd5 Nxd5 12.Bxg7 Rg8 13.Bb2 Nf4 14.Nbd2 Nxg2 15.Kxg2 Ne5
16.Qe2 Ng6 17.Qe4 Nf4+ 18.Kh1 Bh3 19.Rg1 Nd5 20.Qh7 Rg6 21.Nh4 Rg4 22.Ne4 Bf8
23.f3 Rxh4 24.gxh4 Qxh4 25.Qh8 Qf4 26.Rg3 Bf5 27.Ba3 Bxe4 28.dxe4 Ne7 29.Bxe7 Kxe7
30.Rd1 e5 31.Qg8 Rc8 32.Qg4 Rc1 33.Rxc1 Qxc1+ 34.Rg1 Qc2 35.Qf5 f6 36.Qh7+ Ke8
37.Qxb7 Qf2 38.Qb5+ Ke7 39.Rf1 Qxa2 40.Rd1 Kf7 41.Qd5+  1-0

[Event "14th Euro Indiv 2013"]
[Site "Legnica POL"]
[Date "2013.05.11"]
[Round "7.73"]
[White "Mista,A"]
[Black "Mammadov,Z"]
[Result "1-0"]
[WhiteElo "2574"]
[BlackElo "2442"]

1.c4 c6 2.Nf3 d5 3.g3 Nf6 4.Bg2 g6 5.b3 Bg7 6.O-O Qb6 7.Nc3 O-O 8.d3 Bf5
9.Be3 Qd8 10.Bd4 Nbd7 11.cxd5 cxd5 12.Qc2 Qc7 13.Qb2 Bh6 14.h3 e5 15.Nxe5 Nxe5
16.Nb5 Qa5 17.Bxe5 Nd7 18.Nd4 Bxh3 19.Bf4 Bxf4 20.Bxh3 Bd2 21.b4 Bxb4 22.Bxd7 Bc3
23.Qb5 Qb6 24.Qxb6 axb6 25.Nc2 Bxa1 26.Rxa1 Rfd8 27.Bh3 Ra5 28.a3 Rc5 29.Ra2 Kf8
30.Bg4 Ke7 31.Rb2 Rd6 32.Bf3 Rc3 33.Kf1 Kd7 34.Ke1 Kc7 35.Kd2 Rc5 36.Nd4 Rf6
37.a4 Ra5 38.Rb4 Ra6 39.Nb5+ Kd7 40.Nc3  1-0

[Event "HC Andersen Open 2013"]
[Site "Odense DEN"]
[Date "2013.05.11"]
[Round "6.17"]
[White "Jepsen,T1"]
[Black "Erikstad,O"]
[Result "1-0"]
[WhiteElo "2168"]
[BlackElo "1836"]

1.c4 c6 2.g3 Nf6 3.Bg2 d5 4.cxd5 cxd5 5.Nf3 Nc6 6.O-O e6 7.d3 Bd7 8.a3 Rc8
9.b4 a6 10.Bb2 Qb6 11.Nbd2 Be7 12.Ne5 Nxe5 13.Bxe5 O-O 14.Nf3 Rfd8 15.Rb1 Ne8
16.Qd2 Bf6 17.Bf4 Bc3 18.Qa2 Ba4 19.Rfc1 Nf6 20.Be5 Bxe5 21.Nxe5 Rc7 22.Bf3 Rxc1+
23.Rxc1 Qd4 24.Qa1 Qxa1 25.Rxa1 Rc8 26.h4 Nd7 27.Ng4 f5 28.Nh2 Ne5 29.Bg2 Rc2
30.Bf1 Nc6 31.e3 Rc3 32.Nf3 h6 33.d4 Kf7 34.Kg2 Na7 35.Ne5+ Ke7 36.Nd3 b6
37.Nb2 Bb5 38.Bxb5 Nxb5 39.a4 Nd6 40.b5 a5 41.Nd1 Rc2 42.Kh3 Ne4 43.Kg2 Kd6
44.Kf1 Nd2+ 45.Kg1 Nc4 46.Kg2 e5 47.Kf3 Nd2+ 48.Kg2 exd4 49.exd4 Nb3 50.Ra3 Nxd4
51.Ne3 Rc5 52.h5 Ke5 53.f4+ Ke4 54.Nd1 Nc2 55.Nf2+ Kd4 56.Rd3+ Kc4 57.Rd2 Ne3+
58.Kf3 d4 59.Nd3 Kc3 60.Ke2 Rc8 61.Ne5 Re8 62.Rd3+ Kc2 63.Rxd4 Ng4 64.Rd6 Nxe5
65.fxe5 Rxe5+ 66.Kf3 Re4 67.Rxb6 Rxa4 68.Ra6 Ra3+ 69.Kf4 a4 70.b6 Rb3 71.Rxa4 Rxb6
72.Kxf5 Rf6+ 73.Kg4 g6 74.Rd4 g5 75.Rd8 Ra6 76.Rg8 Kd3 77.Rg6 Ra4+ 78.Kf5 Ra5+
79.Kf6 g4 80.Rxh6 Ke4 81.Rh8 Kf3 82.h6 Kxg3 83.h7 Rh5 84.Kg6 Rxh7 85.Rxh7 Kg2
86.Kg5 g3 87.Kg4 Kf2 88.Rf7+ Kg2 89.Rf3  1-0

[Event "HC Andersen Open 2013"]
[Site "Odense DEN"]
[Date "2013.05.12"]
[Round "8.8"]
[White "Jacobsen,Bo"]
[Black "Pedersen,NicK"]
[Result "1/2-1/2"]
[WhiteElo "2319"]
[BlackElo "2169"]

1.c4 c6 2.g3 d5 3.Nf3 g6 4.Bg2 Bg7 5.d4 Nf6 6.cxd5 cxd5 7.Ne5 O-O 8.Nc3 Nc6
9.Nxc6 bxc6 10.O-O Nd7 11.Na4 e5 12.Be3 Qa5 13.Rc1 Nb6 14.Nxb6 axb6 15.Rxc6 e4
16.a3 Qb5 17.Qc2 Ba6 18.Rc1 Qxe2 19.Bf1 Qxc2 20.R1xc2 Bxf1 21.Kxf1 Ra4 22.Rd2 Rb8
23.Rd6 b5 24.Rxd5 b4 25.axb4 Raxb4 26.Bf4 Rc8 27.Bd6 Rb3 28.Bc5 e3 29.fxe3 Bh6
30.Re2 Bxe3 31.Rc2 Rb5 32.b4 Rxb4 33.Ra2 Rbb8 34.Rd7 Rd8 35.Rxd8+  1/2-1/2

[Event "VIII American Continental 2013"]
[Site "Cochabamba BOL"]
[Date "2013.05.13"]
[Round "9.35"]
[White "Herrera,F"]
[Black "Coro,R"]
[Result "1-0"]
[WhiteElo "2086"]
[BlackElo "1922"]

1.c4 c6 2.e4 d5 3.exd5 cxd5 4.d4 Nc6 5.Nf3 Bg4 6.cxd5 Qxd5 7.Nc3 Qd8 8.d5 Nb8
9.Qb3 Qb6 10.Qc4 Bd7 11.Be3 Qa5 12.b4 Qd8 13.Ne5 Nf6 14.Rd1 g6 15.Nb5 Na6
16.d6 Be6 17.dxe7 Qxe7 18.Nd6+ Qxd6 19.Qb5+ Bd7 20.Rxd6 Bxd6 21.Nxd7 Nxd7
22.a3 O-O-O 23.Be2 Nc7 24.Qa4 a6 25.O-O f5 26.Rc1 f4 27.Bd4 Rhe8 28.Bf3 Kb8
29.Bc5 Be5 30.h3 Nb5 31.Qb3  1-0

[Event "14th Euro Indiv 2013"]
[Site "Legnica POL"]
[Date "2013.05.13"]
[Round "8.127"]
[White "Buchal,S"]
[Black "Xylogiannopoulos,A"]
[Result "1-0"]
[WhiteElo "2315"]
[BlackElo "2147"]

1.c4 c6 2.g3 d5 3.Nf3 Nf6 4.Bg2 dxc4 5.O-O Be6 6.Na3 Bd5 7.b3 cxb3 8.axb3 g6
9.d3 Bg7 10.Bb2 Na6 11.e4 Be6 12.Ng5 Bg4 13.f3 Bc8 14.Nc4 h6 15.Nh3 O-O 16.Nf4 b5
17.Ne3 Qb6 18.d4 e5 19.dxe5 Qxe3+ 20.Kh1 Nxe4 21.fxe4 Qb6 22.Qc2 Re8 23.Rad1 Nb4
24.Qc1 Bg4 25.e6 f6 26.Rd7 g5 27.Qc3 Rf8 28.Qxb4 gxf4 29.Qe7  1-0

[Event "ch-KGZ Men 2013"]
[Site "Bishkek KGZ"]
[Date "2013.05.14"]
[Round "6"]
[White "Moldobaev,Erik"]
[Black "Nurlanov,Zhakshylyk"]
[Result "1/2-1/2"]
[WhiteElo "2111"]
[BlackElo "1921"]

1.c4 c6 2.Nf3 d5 3.g3 Bg4 4.Bg2 e6 5.cxd5 exd5 6.O-O Nf6 7.d3 Be7 8.Nc3 Nbd7
9.h3 Bh5 10.Nh4 Nb6 11.Nf5 O-O 12.g4 Bg6 13.Nxe7+ Qxe7 14.Bg5 Qe5 15.Qc1 h5
16.Bf4 Qe6 17.g5 Nfd7 18.e4 dxe4 19.dxe4 Nc5 20.Qe3 Nca4 21.Nxa4 Nxa4 22.b3 Nb6
23.Rad1 Rfe8 24.Rfe1 h4 25.Rd2 Qc8 26.Rc1 Re6 27.Qd4 Qe8 28.f3 Re7 29.Rcd1 Rd7
30.Qf2 Rad8 31.Rxd7 Rxd7 32.Rxd7 Qxd7 33.Qd2 f6 34.gxf6 gxf6 35.Kf1 Kf7 36.Qxd7+ Nxd7
37.Be3 a5 38.Bf2 b5 39.Ke2 Ke7 40.Kd3 Bf7 41.f4 c5 42.Kc2 b4 43.Bf1 Kd6 44.Bxh4 Bh5
45.Bb5 Bf3 46.Kd3 Bg2 47.Bxd7 Kxd7 48.Bxf6 Bxh3 49.f5 Bf1+ 50.Ke3 Bb5 51.Bh4 a4
52.e5 axb3 53.axb3 c4 54.e6+ Kd6 55.bxc4 Bxc4 56.e7  1/2-1/2

[Event "14th Euro Indiv 2013"]
[Site "Legnica POL"]
[Date "2013.05.14"]
[Round "9.51"]
[White "Grigoryan,Av"]
[Black "Yilmaz,M"]
[Result "0-1"]
[WhiteElo "2616"]
[BlackElo "2537"]

1.c4 c6 2.Nf3 Nf6 3.g3 d5 4.Bg2 g6 5.d4 Bg7 6.b3 O-O 7.O-O Ne4 8.Bb2 Bf5
9.e3 Nd7 10.Nc3 Nxc3 11.Bxc3 Be4 12.Qe2 Qb6 13.Bh3 Nf6 14.Ne5 Bf5 15.Bxf5 gxf5
16.Rac1 Rad8 17.Rc2 Ne4 18.Ba1 Qa6 19.Nd3 e6 20.f3 Nf6 21.h3 h5 22.g4 fxg4
23.fxg4 Ne4 24.gxh5 Kh8 25.Qh2 Qa3 26.Rg2 Qe7 27.Qf4 Kh7 28.cxd5 cxd5 29.Ne5 Bh6
30.Qf3 Ng5 31.Qg3 Rg8 32.Qh4 Rg7 33.Kh1 Rdg8 34.Rfg1 Qc7 35.Bb2 Ne4 36.Rxg7+ Rxg7
37.Rxg7+ Bxg7 38.Ba3 Bxe5 39.dxe5 Qc2 40.Bf8 Qd1+ 41.Kg2 Qe2+ 42.Kh1 Qxe3
43.h6 d4  0-1

[Event "14th Euro Indiv 2013"]
[Site "Legnica POL"]
[Date "2013.05.14"]
[Round "9.39"]
[White "Rakhmanov,Ale"]
[Black "Kreisl,R"]
[Result "1/2-1/2"]
[WhiteElo "2616"]
[BlackElo "2380"]

1.c4 c6 2.d4 d5 3.Nf3 Nf6 4.Qb3 dxc4 5.Qxc4 Bg4 6.Nbd2 Nbd7 7.g3 e6 8.Bg2 Be7
9.O-O O-O 10.Ne5 Bh5 11.Nxd7 Qxd7 12.Nb3 Rfd8 13.e4 a5 14.a4 b5 15.Qc2 bxa4
16.Rxa4 c5 17.Rc4 cxd4 18.Nxd4 Rac8 19.Nc6 Rxc6 20.Rxc6 Bd1 21.Qc3 Bb4 22.Qc4 Be2
23.Qxe2 Qxc6 24.e5 Nd5 25.Bg5 Rc8 26.Be4 h6 27.Bc1 Qe8 28.Bd3 Bf8 29.h4 Nb4
30.Be4 Rc5 31.Bb1 Qb5 32.Qxb5 Rxb5 33.f4 Nd5 34.Bd3 Rb4 35.Kg2 Bc5 36.Re1 Rb3
37.Bc4 Ne3+ 38.Bxe3 Rxe3 39.Rd1 g6 40.Rd8+ Kg7 41.Rd7 Kf8 42.Rd8+ Kg7 43.Ra8 Bb4
44.Ra7 Kf8 45.Ra8+  1/2-1/2

[Event "14th Euro Indiv 2013"]
[Site "Legnica POL"]
[Date "2013.05.15"]
[Round "10.121"]
[White "Buchal,S"]
[Black "Machan,J"]
[Result "1-0"]
[WhiteElo "2315"]
[BlackElo "2173"]

1.c4 c6 2.g3 Nf6 3.Bg2 d5 4.Nf3 g6 5.b3 Bg7 6.Bb2 O-O 7.O-O Bg4 8.d3 Bxf3
9.Bxf3 e6 10.Nd2 Nbd7 11.b4 a5 12.b5 a4 13.bxc6 bxc6 14.Ba3 Re8 15.Rb1 Qa5
16.Bb4 Qa7 17.Qc2 Rec8 18.Rfc1 Qa6 19.Qd1 Ne8 20.e3 Rab8 21.Be2 c5 22.Ba3 d4
23.Rxb8 Rxb8 24.Rb1 Rc8 25.Bf3 Rc7 26.Bg2 Nd6 27.Qf3 dxe3 28.fxe3 Bc3 29.Ne4 Ne5
30.Qf4 Nxe4 31.Bxe4 f5 32.Bg2 Qa7 33.Rb5 Nxd3 34.Qd6 Nb4 35.Qxe6+ Kg7 36.h4 Re7
37.Qd6 Qd7 38.Qxc5 Bd2 39.Kh2 Bxe3 40.Qxb4  1-0

[Event "14th Euro Indiv 2013"]
[Site "Legnica POL"]
[Date "2013.05.15"]
[Round "10.67"]
[White "Drozdowski,K"]
[Black "Durarbayli,V"]
[Result "1/2-1/2"]
[WhiteElo "2435"]
[BlackElo "2597"]

1.c4 c6 2.e4 d5 3.cxd5 cxd5 4.exd5 Nf6 5.Qa4+ Nbd7 6.Nc3 g6 7.Nf3 Bg7 8.Bc4 O-O
9.d3 a6 10.Qa3 Nb6 11.Qb3 Qd6 12.O-O Rd8 13.Bf4 Qxf4 14.Qxb6 Bg4 15.Qe3 Nh5
16.Ng5 b5 17.Bb3 Bd4 18.Qxf4 Nxf4 19.d6 e6 20.Nge4 b4 21.Na4 Bf5 22.Rfd1 Kg7
23.g3 Nd5 24.Rac1 Nf6 25.Rc4 e5 26.Rxb4 Nxe4 27.dxe4 Bxe4 28.Nc3 Bc6 29.Ne2 Bxb2
30.Ba4 Ba3 31.Bxc6 Bxb4 32.Bxa8 Rxa8 33.d7 Rd8 34.Kg2 Kf6 35.f4 e4 36.Rd4 a5
37.g4 Ke7 38.Rxe4+ Kxd7 39.Rd4+ Bd6 40.Rd5 a4 41.Nd4 Rc8 42.Kf3 Ke7 43.Nb5 Bb8
44.Rd4 Rc5 45.Rb4 h5 46.Nd4 Bd6 47.Rxa4 Rc3+ 48.Ke4 hxg4 49.Ra7+ Rc7 50.Rxc7+ Bxc7
51.a4 Kd7 52.f5 gxf5+  1/2-1/2

[Event "14th Euro Indiv 2013"]
[Site "Legnica POL"]
[Date "2013.05.15"]
[Round "10.107"]
[White "Curic,D"]
[Black "Kjartansson,G"]
[Result "0-1"]
[WhiteElo "2258"]
[BlackElo "2446"]

1.c4 c6 2.Nf3 Nf6 3.g3 d5 4.Bg2 Bf5 5.O-O e6 6.b3 Be7 7.Na3 O-O 8.Nc2 h6
9.d3 a5 10.Ne3 Bh7 11.cxd5 cxd5 12.Bb2 Nc6 13.Nd4 Qb6 14.Nxc6 bxc6 15.Qc2 Rfc8
16.Rfc1 Ra7 17.Rab1 Bg6 18.h3 Ne8 19.Ng4 c5 20.Qd2 f6 21.h4 Rd8 22.Ne3 Bf8
23.Ba3 Nc7 24.Bb2 Nb5 25.Ba1 Na3 26.Rb2 Bf7 27.Nc4 Qb4 28.Nxa3 Qxa3 29.Rbc2 e5
30.Bb2 Qxa2 31.Bxe5 Qxb3 32.Rb2 Qa4 33.Ra2 Qb5 34.Rb2 Qa6 35.Bb8 Rb7 36.Bf4 Rxb2
37.Qxb2 a4 38.Ra1 c4 39.dxc4 dxc4 40.Be4 Qa5 41.Qb7 a3  0-1

[Event "2nd Oscar Panno GM"]
[Site "Moron ARG"]
[Date "2013.05.15"]
[Round "4"]
[White "Salinas Herrera,P"]
[Black "Real de Azua,E"]
[Result "0-1"]
[WhiteElo "2396"]
[BlackElo "2458"]

1.c4 c6 2.e4 d5 3.exd5 cxd5 4.d4 Nf6 5.Nc3 Nc6 6.Bg5 e6 7.c5 Be7 8.Bb5 O-O
9.Nge2 Bd7 10.O-O h6 11.Bh4 b6 12.Bxc6 Bxc6 13.b4 bxc5 14.dxc5 Bb7 15.Qd4 Rc8
16.Rfe1 g5 17.Bg3 Nh5 18.Rad1 Ba6 19.Qg4 Bxe2 20.Qxe2 Nxg3 21.hxg3 Bf6 22.Ne4 Bg7
23.Qa6 Rc7 24.Qa3 Qb8 25.Nd6 Rd8 26.Qa5 Bc3 27.a3 Bxe1 28.Rxe1 Rdd7 29.Nb5 Rc8
30.Nd4 Qc7 31.Qa6 Qb7 32.Qa4 Rdd8 33.Qc2 Qe7 34.Qd3 Qf6 35.Nf3 d4 36.Re4 Rd5
37.Nd2 Kg7 38.Nc4 Qg6 39.f3 Rcd8 40.Kf2 Qf6 41.a4 Qe7 42.Re2 Qb7 43.Rb2 Qa6
44.Qb3 Qc6 45.Rd2 Rb8 46.Qa3 e5 47.g4 a6 48.Rb2 Kg8 49.Na5 Qc7 50.Qa2 Rdd8
51.Nc4 e4 52.fxe4 Qf4+ 53.Kg1 d3 54.Rf2 Qxe4 55.Nd6 Qe6 56.Qb2 Rxd6 57.cxd6 Qxd6
58.b5 axb5 59.axb5 Rd8 60.Rd2 Qd4+ 61.Qxd4 Rxd4 62.b6 Rxg4 63.Rxd3 Rb4 64.Rd6 Kg7
65.Rc6 Rb2 66.Rd6 h5 67.Rc6 f6 68.Rc7+ Kg6 69.b7 h4 70.Rd7 Kf5 71.Rf7 Kg6
72.Rc7 f5 73.Kh2 g4 74.Rd7 h3 75.b8=Q Rxb8 76.gxh3 Rb2+ 77.Kg1 g3 78.Rd4 Kf6
79.Rc4 Rh2 80.Ra4 Kg5 81.Rb4 f4 82.Rb8 Kf5 83.Rb4 Rd2 84.Rb3 Ke4 85.Rb4+ Rd4
86.Rb3 f3 87.Rb1 Kf4 88.Ra1 Kg5 89.Rf1 Rd3  0-1

[Event "14th Euro Indiv 2013"]
[Site "Legnica POL"]
[Date "2013.05.16"]
[Round "11.49"]
[White "Rakhmanov,Ale"]
[Black "Michiels,B"]
[Result "1-0"]
[WhiteElo "2616"]
[BlackElo "2505"]

1.c4 c6 2.d4 d5 3.Nf3 Nf6 4.Qb3 dxc4 5.Qxc4 Bf5 6.g3 Nbd7 7.Bg2 e6 8.O-O Be7
9.e3 O-O 10.Rd1 e5 11.Nc3 Qc7 12.h3 Rfe8 13.dxe5 Nxe5 14.Nxe5 Qxe5 15.e4 Be6
16.Qe2 Rad8 17.Bf4 Qa5 18.Bd2 Qb6 19.Be3 Qa5 20.Kh2 Nd7 21.f4 f6 22.Qc2 Nc5
23.Ne2 Rxd1 24.Rxd1 Qxa2 25.Bxc5 Bb3 26.Ra1 Bxc2 27.Rxa2 Bxc5 28.b4 Bxb4
29.Rxc2 a5 30.Nc1 Rd8 31.Bf1 Rd4 32.e5 fxe5 33.fxe5 Kf7 34.Bc4+ Ke7 35.Bg8 Rd2+
36.Rxd2 Bxd2 37.Nd3 a4 38.Kg2 b5 39.Kf3 a3 40.Ke4 Bc3 41.g4 g6 42.Ba2 Kd7
43.Nc5+ Ke7 44.Ne6 Bb4 45.h4 Be1 46.h5 gxh5 47.gxh5 Bd2 48.Nd4 Kd7 49.e6+ Kc7
50.e7 Kd7 51.Nxc6 Bg5 52.Kf5 Bxe7 53.Nxe7 Kxe7 54.h6 Ke8 55.Kf6 Kf8 56.Bb3  1-0

[Event "14th Euro Indiv 2013"]
[Site "Legnica POL"]
[Date "2013.05.16"]
[Round "11.23"]
[White "Mamedov,Rau"]
[Black "Mastrovasilis,D"]
[Result "1/2-1/2"]
[WhiteElo "2649"]
[BlackElo "2610"]

1.c4 c6 2.Nf3 d5 3.g3 Bg4 4.Bg2 e6 5.Qc2 Nd7 6.d3 Ngf6 7.O-O Bd6 8.Nbd2 O-O
9.b3 Re8 10.Bb2 e5 11.e4 dxe4 12.dxe4 Qc7 13.h3 Bh5 14.Nh4 a5 15.Nf5 Bc5
16.Rae1 Bg6 17.Kh1 Bxf5 18.exf5 Qb6 19.Re2 a4 20.Bc3 axb3 21.Nxb3 Bd4 22.Rb1 Bxc3
23.Qxc3 h6 24.g4 Ra4 25.Rc2 Qa7 26.Qd2 e4 27.Rg1 Ne5 28.g5 e3 29.fxe3 hxg5
30.Rgc1 g4 31.Qe2 b5 32.cxb5 cxb5 33.Nd4 gxh3 34.Bxh3 Qb7+ 35.Bg2 Qa6 36.Qxb5 Qxb5
37.Nxb5 Neg4 38.Nd6 Rf8 39.Nc4 Rd8 40.Kg1 Rb4 41.e4 Rd3 42.e5 Nd5 43.e6 fxe6
44.fxe6 Kf8 45.Na5 Ne5 46.Nc6 Nxc6 47.Rxc6 Ke7 48.Bxd5 Rxd5 49.Rc7+ Kxe6
50.Rxg7 Rb2 51.Ra1 Rdd2 52.a4 Ra2 53.Rxa2 Rxa2 54.Rg2 Rxg2+ 55.Kxg2 Ke5  1/2-1/2

[Event "BSG Pinkstertoernooi 2013"]
[Site "Bussum NED"]
[Date "2013.05.18"]
[Round "2.12"]
[White "Bosboom,M"]
[Black "Stolwijk,Colin"]
[Result "1-0"]
[WhiteElo "2400"]
[BlackElo "2019"]

1.c4 c6 2.Nf3 d5 3.e3 Nf6 4.Nc3 a6 5.b3 Bg4 6.Bb2 Nbd7 7.h3 Bh5 8.cxd5 cxd5
9.g4 Bg6 10.g5 Ne4 11.Nxd5 e6 12.Nf4 Nxg5 13.Nxg5 Qxg5 14.h4 Qa5 15.a3 Be4
16.Rg1 e5 17.Nh5 O-O-O 18.b4 Qb6 19.Ng3 Bc6 20.Rc1 Kb8 21.Qb3 f6 22.d4 Bd6
23.Nf5 Be4 24.Nxd6 Qxd6 25.Rxg7 Bg6 26.b5 a5 27.b6 exd4 28.Bxd4 Ne5 29.Bg2  1-0

[Event "BSG Pinkstertoernooi 2013"]
[Site "Bussum NED"]
[Date "2013.05.19"]
[Round "4.15"]
[White "Kossen,J"]
[Black "Jellema,Y"]
[Result "0-1"]
[WhiteElo "1999"]
[BlackElo "2222"]

1.c4 c6 2.Nf3 d5 3.g3 g6 4.Bg2 Bg7 5.d4 Nf6 6.O-O O-O 7.b3 Ne4 8.Bb2 Nd7
9.Nbd2 Ndf6 10.Ne5 Nxd2 11.Qxd2 Ne4 12.Qe3 f6 13.Nd3 Ng5 14.cxd5 cxd5 15.Nf4 Bh6
16.Bxd5+ Kh8 17.Kh1 Nh3 18.Bg2 Nxf4 19.gxf4 Qd6 20.Qe4 Bf5 21.Qxb7 Bxf4 22.e3 Bxh2
23.a4 Rab8 24.Ba3 Rxb7 25.Bxd6 Bxd6 26.Bxb7 Rb8 27.Bd5 g5 28.Kg2 h5 29.Rac1 h4
30.f4 gxf4 31.exf4 e6 32.Bc4 Rg8+ 33.Kf3 Rg3+ 34.Ke2 Bg4+ 35.Kd2 Bb4+ 36.Kc2 Rg2+
37.Kd3 Rg3+ 38.Kc2 Bf5+ 39.Kb2 Rg2+ 40.Ka1 h3 41.d5 Rd2 42.Rfd1 Bc3+ 43.Rxc3 Rxd1+
44.Kb2 h2 45.dxe6 h1=Q  0-1

[Event "Asian Continental w 2013"]
[Site "Manila PHI"]
[Date "2013.05.20"]
[Round "3.1"]
[White "Huang Qian"]
[Black "Pham Le Thao Nguyen"]
[Result "1/2-1/2"]
[WhiteElo "2469"]
[BlackElo "2399"]

1.c4 c6 2.Nf3 d5 3.d4 Nf6 4.Qb3 dxc4 5.Qxc4 Bf5 6.g3 e6 7.Bg2 Nbd7 8.O-O Be7
9.Nc3 O-O 10.Bf4 Rc8 11.Qb3 Qb6 12.Rfe1 Ne4 13.Nh4 Bxh4 14.Nxe4 Bxe4 15.Bxe4 Bf6
16.Qxb6 Nxb6 17.e3 Rfd8 18.g4 h6 19.Rac1 Be7 20.Bg3 Bd6 21.Kg2 Bxg3 22.Kxg3 Rd6
23.h4 Nd5 24.a3 g6 25.g5 Kg7 26.Rh1 Rh8 27.Kf3 a6 28.Rcg1 h5 29.Rc1 Rhd8
30.Rc5 Kf8 31.Ke2  1/2-1/2

[Event "Chicago Open 2013"]
[Site "Wheeling USA"]
[Date "2013.05.24"]
[Round "2.24"]
[White "Greanias,S"]
[Black "Shmeliov,D"]
[Result "1-0"]
[WhiteElo "2132"]
[BlackElo "2431"]

1.c4 c6 2.e4 d5 3.exd5 cxd5 4.cxd5 Nf6 5.Nc3 Nxd5 6.Nf3 e6 7.d4 Be7 8.Bd3 Nc6
9.O-O O-O 10.Qe2 Bf6 11.Qe4 g6 12.Bh6 Re8 13.Rad1 Ncb4 14.Bc4 Nxc3 15.bxc3 Nd5
16.Rc1 b6 17.Ne5 Bb7 18.Bb5 Re7 19.Bc6 Qc7 20.Bxb7 Qxb7 21.c4 Nb4 22.Ng4 Bh8
23.Qb1 Nc6 24.Bg5 Bxd4 25.Bxe7 Qxe7 26.Qe4 Rc8 27.Ne3 Bf6 28.Rfd1 Na5 29.Qd3 Bg5
30.Qd7 Qc5 31.Qxa7 Bxe3 32.fxe3 Qxe3+ 33.Kh1 Rxc4 34.Rf1 f5 35.Rce1 Qc5 36.Rxe6 Qc7
37.Qxb6 Qxb6 38.Rxb6  1-0

[Event "ch-CZE 2013"]
[Site "Ledec nad Sazavou CZE"]
[Date "2013.05.25"]
[Round "5.5"]
[White "Cvek,R"]
[Black "Zilka,S"]
[Result "0-1"]
[WhiteElo "2540"]
[BlackElo "2525"]

1.c4 c6 2.Nf3 d5 3.e3 Nf6 4.Nc3 e6 5.Qc2 Nbd7 6.b3 Bd6 7.Bb2 O-O 8.Be2 b6
9.O-O Bb7 10.d4 Qe7 11.Rad1 Rad8 12.Rfe1 Rfe8 13.h3 Ba8 14.Bd3 c5 15.cxd5 exd5
16.Ba3 c4 17.Bxd6 cxd3 18.Qxd3 Qxd6 19.Qa6 Bc6 20.Rc1 Qb8 21.Rc2 Bb7 22.Qa3 Rc8
23.Rec1 a6 24.Qb4 Rc6 25.Ne2 Rxc2 26.Rxc2 Rc8 27.Rxc8+ Qxc8 28.Ne5 Qf8 29.Qa4 Qd6
30.f4 g6 31.Kh2 Kg7 32.Ng1 Bc8 33.Ngf3 Ne4 34.b4 Qc7 35.Qb3 Nxe5 36.dxe5 Qc3  0-1

[Event "La Punta Closed 2013"]
[Site "San Luis ARG"]
[Date "2013.05.25"]
[Round "2.5"]
[White "Flores,Di"]
[Black "Disconzi da Silva,R"]
[Result "1-0"]
[WhiteElo "2586"]
[BlackElo "2370"]

1.c4 c6 2.Nf3 d5 3.d4 e6 4.Qc2 Nf6 5.Bg5 h6 6.Bxf6 Qxf6 7.g3 Nd7 8.Nbd2 Bb4
9.Bg2 O-O 10.O-O Bxd2 11.Qxd2 b6 12.Qc2 Bb7 13.Rfd1 Rfd8 14.cxd5 exd5 15.Rac1 g6
16.h4 Kg7 17.Bh3 c5 18.Qd2 Qd6 19.h5 c4 20.hxg6 fxg6 21.Bxd7 Rxd7 22.Ne5 Re7
23.f3 b5 24.Kf2 Rh8 25.Rh1 Bc8 26.a3 Qb6 27.Qe3 Qf6 28.Qf4 Qxf4 29.gxf4 Rf8
30.Rh4 Re6 31.Rch1 h5 32.e4 dxe4 33.fxe4 Ref6 34.Ke3 Rh8 35.Rg1 Kh6 36.Rg5 Rh7
37.Nxg6 Bg4 38.Rhxg4 hxg4 39.Ne5  1-0

[Event "Hungarian National Open 2013"]
[Site "Zalakaros HUN"]
[Date "2013.05.25"]
[Round "4"]
[White "Kilgus,G"]
[Black "Berczes,D"]
[Result "1/2-1/2"]
[WhiteElo "2418"]
[BlackElo "2532"]

1.c4 c6 2.Nf3 d5 3.e3 Nf6 4.Nc3 e6 5.b3 Bd6 6.Bb2 O-O 7.Be2 b6 8.cxd5 cxd5
9.Nb5 Bc5 10.O-O a6 11.Nbd4 Bd6 12.Qc2 Bb7 13.Ng5 Nbd7 14.Rfc1 Rc8 15.Qd1 Qe7
16.Rxc8 Rxc8 17.Rc1 Qd8 18.f4 h6 19.Ngf3 b5 20.Rxc8 Qxc8 21.Qc1 Qxc1+ 22.Bxc1 Ne4
23.Bb2 Bb4 24.d3 Nc3 25.a3 Nxe2+ 26.Nxe2 Bc5 27.Ned4 b4 28.axb4 Bxb4 29.Ne5 Nc5
30.Nc2 f6 31.Nxb4 fxe5 32.Bxe5 Nxb3 33.Kf2 a5 34.Na2 Ba6 35.Ke2 h5 36.Bb2 Kf7
37.Nc1 Nc5 38.Ba3 Nd7 39.Nb3 a4 40.Nc5 Nxc5 41.Bxc5 Kg6 42.Bf8 Kf6 43.g3 g6
44.h3 e5 45.fxe5+ Kxe5 46.Kd2 Bc8 47.h4 Kf5 48.Kc3 Kg4 49.Bd6 Kf3 50.Bf4 Ke2
51.d4 Bd7 52.Kb4 Kd3  1/2-1/2

[Event "22nd TCh-CRO Cup 2013"]
[Site "Bol na Bracu CRO"]
[Date "2013.05.26"]
[Round "6.94"]
[White "Livaic,D"]
[Black "Solic,K"]
[Result "0-1"]
[WhiteElo "2062"]
[BlackElo "2257"]

1.c4 c6 2.d4 d5 3.cxd5 cxd5 4.Nc3 Nc6 5.Nf3 Nf6 6.Bf4 a6 7.Rc1 Nh5 8.Bg3 Nxg3
9.hxg3 h6 10.e3 Bf5 11.Bd3 Bxd3 12.Qxd3 e6 13.g4 Be7 14.Rh5 g6 15.Rh3 Rc8
16.Kf1 Kf8 17.Re1 Kg7 18.Nd2 b5 19.f4 b4 20.Na4 Qa5 21.Qb3 Qb5+ 22.Kg1 Na5
23.Qd1 Qd3 24.Nb3 Qxd1 25.Rxd1 Nxb3 26.axb3 Rc2 27.Rf3 Rhc8 28.Rf2 R2c6 29.g3 f5
30.gxf5 exf5 31.Kg2 Kf6 32.Rh1 Bf8 33.Kf3 Re8 34.Nc5 Bxc5 35.dxc5 Rxc5 36.Rxh6 Rc1
37.Rh7 Re1 38.Re2 Rxe2 39.Kxe2 d4 40.Kd3 Rxe3+ 41.Kxd4 Rxb3 42.Ra7 Rxb2 43.Rxa6+ Kg7
44.Rb6 Rb3 45.Kc4 Rxg3 46.Rxb4 Rg4 47.Kd5 Kh6 48.Ke5 Kh5 49.Rb1 Rg3 50.Kf6 Kg4
51.Kxg6 Kxf4+ 52.Kf6 Kg4 53.Ke5 Re3+ 54.Kd4 f4 55.Rg1+ Kf3 56.Rh1 Re8 57.Rh7 Kf2
58.Kd3 f3 59.Rf7 Rd8+ 60.Kc2 Ke2 61.Re7+ Kf1 62.Rg7 f2 63.Rg6 Rd5 64.Rg7 Ke2
65.Re7+ Kf3 66.Rf7+ Ke3 67.Rf8 Rd4  0-1

[Event "Hungarian National Open 2013"]
[Site "Zalakaros HUN"]
[Date "2013.05.26"]
[Round "5"]
[White "Juhasz,Kr"]
[Black "Bereczki,J"]
[Result "1/2-1/2"]
[WhiteElo "2345"]
[BlackElo "2180"]

1.c4 c6 2.e4 g6 3.d4 Bg7 4.Nc3 d6 5.Nf3 Bg4 6.Be3 Nd7 7.Be2 Ngf6 8.O-O O-O
9.Rc1 e5 10.d5 c5 11.h3 Bxf3 12.Bxf3 Ne8 13.a3 f5 14.b4 b6 15.Qb3 Kh8 16.Rb1 Rc8
17.Nb5 Ra8 18.a4 a6 19.Nc3 Rb8 20.Qa2 Nef6 21.Qc2 f4 22.Bd2 Qc7 23.Be2 g5
24.a5 cxb4 25.Rxb4 bxa5 26.Rxb8 Rxb8 27.Rb1 Nc5 28.Bd1 Bf8 29.f3 Be7 30.Rxb8+ Qxb8
31.Qb1  1/2-1/2

[Event "Chicago Open 2013"]
[Site "Wheeling USA"]
[Date "2013.05.27"]
[Round "8.15"]
[White "Kleinman,Michael"]
[Black "Yang,Dar"]
[Result "1/2-1/2"]
[WhiteElo "2302"]
[BlackElo "2485"]

1.c4 c6 2.e4 e6 3.d4 d5 4.exd5 exd5 5.Nc3 Nf6 6.Bd3 Be7 7.h3 Be6 8.cxd5 Nxd5
9.Nf3 O-O 10.O-O Nd7 11.Re1 Re8 12.a3 Nf8 13.Ne5 f6 14.Nf3 Qd7 15.Qc2 Nxc3
16.bxc3 Bd6 17.Be3 Ng6 18.Bf1 Rad8 19.Nd2 Kh8 20.Ne4 Bb8 21.Nc5 Qc7 22.g3 Bc8
23.Bg2 b6 24.Nd3 Bf5 25.Qd2 Qd7 26.h4 Bh3 27.Nf4 Bxf4 28.Bxf4 Bxg2 29.Kxg2 Qg4
30.Kh2 Nxf4 31.Qxf4 Qxf4 32.gxf4 Kg8 33.Re3 Kf7 34.Rae1 Rxe3 35.fxe3 Rd5
36.Rb1 Ra5 37.Rb3 Ke6 38.c4 Kf5 39.Kg3 Ke4 40.Kg4 g6 41.Rc3 h6 42.Kg3 Rh5
43.Rb3 g5 44.fxg5 hxg5 45.hxg5 Rxg5+ 46.Kf2 Rh5 47.Kg2 f5 48.d5 cxd5 49.cxd5 Kxd5
50.Rb4 Kc5 51.Rf4 b5 52.Kf3 a5 53.Ke2 Kd5 54.Kd3 Ke5 55.a4 b4 56.Rc4 Kd6
57.Rd4+ Ke6 58.Rc4 f4 59.Rxf4 Rc5 60.Re4+ Kd6 61.Rd4+ Kc6 62.Rc4 Rxc4 63.Kxc4 Kd6
64.Kd4 Ke6 65.e4 Kd6 66.Kc4 Kc7 67.Kd4 Kc6 68.Kc4 Kd6 69.Kd4 Ke6 70.Kc4 Ke5
71.Kd3 Kd6 72.Kc4 Ke5 73.Kd3 b3 74.Kc3 Kxe4 75.Kxb3  1/2-1/2